The runaway princess / (Record no. 7817)
[ view plain ]
| 000 -LEADER | |
|---|---|
| fixed length control field | 01221nam a22002897a 4500 |
| 001 - CONTROL NUMBER | |
| control field | 7817 |
| 003 - CONTROL NUMBER IDENTIFIER | |
| control field | FISKH |
| 005 - DATE AND TIME OF LATEST TRANSACTION | |
| control field | 20250811115144.0 |
| 008 - FIXED-LENGTH DATA ELEMENTS--GENERAL INFORMATION | |
| fixed length control field | 250811b cb ||||| |||| 00| 0 eng d |
| 040 ## - CATALOGING SOURCE | |
| Original cataloging agency | FISKH |
| Language of cataloging | eng |
| Transcribing agency | FISKH |
| Modifying agency | FISKH |
| 050 ## - LIBRARY OF CONGRESS CALL NUMBER | |
| Classification number | PZ7 |
| 082 ## - DEWEY DECIMAL CLASSIFICATION NUMBER | |
| Classification number | 823.92 |
| 100 ## - MAIN ENTRY--PERSONAL NAME | |
| Personal name | Dickins, Rosie |
| 245 ## - TITLE STATEMENT | |
| Title | The runaway princess / |
| Statement of responsibility, etc. | Retold by Rosie Dickins ; Illustrated by Elodie Coudray |
| 250 ## - EDITION STATEMENT | |
| Edition statement | This edition first published in 2013 |
| 260 ## - PUBLICATION, DISTRIBUTION, ETC. | |
| Place of publication, distribution, etc. | London : |
| Name of publisher, distributor, etc. | Usborne, |
| Date of publication, distribution, etc. | 2013 |
| 300 ## - PHYSICAL DESCRIPTION | |
| Extent | 48 pages : |
| Other physical details | color illustrations ; |
| Dimensions | 20 cm |
| 505 ## - FORMATTED CONTENTS NOTE | |
| Formatted contents note | N<br/> |
| 520 ## - SUMMARY, ETC. | |
| Summary, etc. | A princess runs away to avoid marriage, taking three of her favourite gowns with her. She works hard, herding geese in a tatty donkeyskin cloak, but when she thinks no one is looking, she tries on one of her beautiful gowns. She is spotted by a prince who falls in love with her at first sight, but she runs away. How will he find her? And what will he think when he finds out that she's just a goose girl?<br/> |
| 521 8# - TARGET AUDIENCE NOTE | |
| Target audience note | 570<br/> |
| Source | Lexile<br/> |
| 521 8# - TARGET AUDIENCE NOTE | |
| Target audience note | N<br/> |
| Source | Raz-Plus<br/> |
| 650 ## - SUBJECT ADDED ENTRY--TOPICAL TERM | |
| Source of heading or term | Illustrations |
| Topical term or geographic name entry element | Fairy tales |
| 650 ## - SUBJECT ADDED ENTRY--TOPICAL TERM | |
| Source of heading or term | Juvenile fiction |
| Topical term or geographic name entry element | Princess |
| 700 ## - ADDED ENTRY--PERSONAL NAME | |
| Personal name | Coudray, Elodie |
| Dates associated with a name | illustrator |
| 942 ## - ADDED ENTRY ELEMENTS (KOHA) | |
| Source of classification or shelving scheme | Dewey Decimal Classification |
| Koha item type | Books |
| Suppress in OPAC | No |
| Withdrawn status | Lost status | Source of classification or shelving scheme | Damaged status | Not for loan | Collection | Home library | Current library | Shelving location | Date acquired | Total Checkouts | Full call number | Barcode | Date due | Date last seen | Date last checked out | Copy number | Price effective from | Koha item type |
|---|---|---|---|---|---|---|---|---|---|---|---|---|---|---|---|---|---|---|
| Dewey Decimal Classification | Juvenile Fiction | Footprints International School Library Network Toul Tom Poung Campus | Footprints International School Library Network Toul Kork Campus | TTP Primary Yellow Bookshelves | 08/11/2025 | 1 | DIC 823.92 PZ7 | 2025-4042 | 08/25/2025 | 08/11/2025 | 08/11/2025 | 1 | 08/11/2025 | Books |
